000 00798nam a2200217 a 4500
001 000042161
005 20201002035958.0
008 131118s2013 dr a r 000 f spa d
020 _a9789945165807
040 _aDO-SdBNP
_bspa
_cBNPHU
082 _aRD863.44
_bH557e
100 1 _aHernández, Ada
_922510
245 1 0 _aEn búsqueda de las vestimentas del Rey. /
_cAda Hernández; prólogo José Reyes, Aida Consuelo Hernández Bonnelly.
260 _aSanto Domingo :
_bBuhó,
_c2013.
300 _a138 p. :
_bil. ;
_c23 cm.
500 _aIncluye datos biográficos de la autora en la solapa de la cubierta
590 _aInventariado, 2020/BT
700 1 2 _aReyes, José,
_eprol.
_926980
700 1 2 _aHernández Bonnelly, Aida Consuelo,
_eprol.
_969166
910 _aValidado. Control de calidad MFF
999 _c41650
_d41650